| 000 | 00773nam a22002177a 4500 | ||
|---|---|---|---|
| 003 | UA-OsUOA | ||
| 001 | 75537 | ||
| 007 | ta | ||
| 008 | 20110527b un ||||| |||| 00| 0 ukr d | ||
| 100 | _aБесчастний В. | ||
| 090 |
_a32 _bБ53 |
||
| 942 | _cSA | ||
| 040 |
_aUA-OsUOA _bukr _cUA-OsUOA _dUA-OsUOA |
||
| 245 | _aОкремі питання вдосконалення адміністративного законодавства України у напрямі гармонізації зі стандартами та вихідними засадами права Європейського Союзу | ||
| 300 | _aС.2-5 | ||
| 955 | _a0 | ||
| 041 | _aukr | ||
| 080 | _a32 | ||
| 773 | 0 |
_w75536 _tВіче _dК. _d2011 _g10 |
|
| 650 | 7 |
_a32 Політика _2UDC |
|
| 999 |
_c361835 _d361835 |
||